logo

Bir Sreshtho Munshi Abdur Rouf Library
Jhenaidah Cadet College

Language : (Record no. 6938)

MARC details
000 -LEADER
fixed length control field 00650nam a2200253 a 4500
001 - CONTROL NUMBER
JCCL Control Number 6938
003 - CONTROL NUMBER IDENTIFIER
JCCL marc code BD-JhCC
005 - DATE AND TIME OF LATEST TRANSACTION
control field 20180208181720.0
008 - FIXED-LENGTH DATA ELEMENTS--GENERAL INFORMATION
fixed length control field 180201s1984 u a|||| || | 001 0 eng d
020 ## - INTERNATIONAL STANDARD BOOK NUMBER
International Standard Book Number 0673141454
035 ## - SYSTEM CONTROL NUMBER
system control number (BD-JhCC)6938
040 ## - CATALOGING SOURCE
Original cataloging agency BD-JhCC
Modifying agency BD-JhCC
041 ## - LANGUAGE CODE
Language code of Book eng
082 ## - DEWEY DECIMAL CLASSIFICATION NUMBER
Classification number 418
Author mark and Year BEE 1984
245 ## - TITLE STATEMENT
Title Language :
Remainder of title Skills and Use /
Statement of responsibility, etc Linda Ward Beech,
250 ## - EDITION STATEMENT
Edition statement 2nd ed.
260 ## - PUBLICATION, DISTRIBUTION, ETC. (IMPRINT)
Place of publication, distribution, etc New Jersey :
Name of publisher, distributor, etc Scott, Foresman and Company,
Date of publication, distribution, etc 1984.
300 ## - PHYSICAL DESCRIPTION
Pagination 384 p. :
Other physical details ill. ;
Dimensions 24 cm.
504 ## - BIBLIOGRAPHY, ETC. NOTE
Bibliography, etc Includes Index
650 ## - SUBJECT ADDED ENTRY--TOPICAL TERM
Topical term or geographic name as entry element Language, English
700 ## - ADDED ENTRY--PERSONAL NAME
Personal name Cramer, Ronald
942 ## - ADDED ENTRY ELEMENTS (KOHA)
Source of classification or shelving scheme Dewey Decimal Classification
Koha item type Books
Holdings
Source of classification or shelving scheme Damaged status Not for loan Home library Current library Shelving location Source of acquisition Total Checkouts Full call number Barcode Date last seen Copy number Koha item type
Dewey Decimal Classification     JCC Rouf Library JCC Rouf Library General Stacks Asia foundation   418 BEE 1984 8634 02/01/2018 C-1 Books
Dewey Decimal Classification     JCC Rouf Library JCC Rouf Library General Stacks     418 BEE 1984 8699 02/07/2018 C - 2 Books

JCC Library | Contacts | JCC Home

Last Update on 23 September 2017
Copyright @ 2017-2020 JCC Rouf Library
Rouf Library, Jhenidah Cadet College (JCC), Bangladesh